Phân tích và đánh giá sự tương tác giữa kiểu gen-môi trường của 15 giống đậu xanh ( Vigna radiata) có triển vọng : Luận văn thạc sĩ Khoa học Nông nghiệp. Chuyên ngành : Trồng trọt
Đề tài phân tích và đánh giá sự tương tác giữa kiểu gen-môi trường của 15 giống đậu xanh ( Vigna radiata) có triển vọng để tuyển chọn ra được một số giống tốt cho năng suất cao, ổn định và thích nghi với điều kiện tự nhiên ở từng vù...
Gorde:
| Egile nagusia: | |
|---|---|
| Formatua: | Liburua |
| Hizkuntza: | Undetermined |
| Argitaratua: |
Cần Thơ
Trường Đại học Cần Thơ
2010
|
| Gaiak: | |
| Etiketak: |
Etiketa erantsi
Etiketarik gabe, Izan zaitez lehena erregistro honi etiketa jartzen!
|
| Thư viện lưu trữ: | Trung tâm Học liệu Trường Đại học Cần Thơ |
|---|
| LEADER | 01352nam a2200217Ia 4500 | ||
|---|---|---|---|
| 001 | CTU_161283 | ||
| 008 | 210402s9999 xx 000 0 und d | ||
| 082 | |a 633.3 | ||
| 082 | |b Ch300 | ||
| 088 | |a 606201 | ||
| 100 | |a Nguyễn, Trí Yến Chi | ||
| 245 | 0 | |a Phân tích và đánh giá sự tương tác giữa kiểu gen-môi trường của 15 giống đậu xanh ( Vigna radiata) có triển vọng : | |
| 245 | 0 | |b Luận văn thạc sĩ Khoa học Nông nghiệp. Chuyên ngành : Trồng trọt | |
| 245 | 0 | |c Nguyễn Trí Yến Chi; Trương Trọng Ngôn, Trần Thị Thanh Thủy (Hướng dẫn Khoa học) | |
| 260 | |a Cần Thơ | ||
| 260 | |b Trường Đại học Cần Thơ | ||
| 260 | |c 2010 | ||
| 520 | |a Đề tài phân tích và đánh giá sự tương tác giữa kiểu gen-môi trường của 15 giống đậu xanh ( Vigna radiata) có triển vọng để tuyển chọn ra được một số giống tốt cho năng suất cao, ổn định và thích nghi với điều kiện tự nhiên ở từng vùng khảo sát. | ||
| 650 | |a Mung bean,Cây đậu xanh,Plant breeding,Giống cây trồng | ||
| 904 | |i Năm | ||
| 980 | |a Trung tâm Học liệu Trường Đại học Cần Thơ | ||